000 00429nam a22001697a 4500
005 20171211150912.0
008 171211b xxu||||| |||| 00| 0 eng d
020 _a0812037995
040 _cPK-LaUMT
082 _aPKAC 297
_bFAR-I
100 _aFarah , Caesar E.
245 _aIslam: beliefs and observances/
_cCaesar E. Farah
250 _a4th
260 _aHauppaugh,
_bBarron's
_c1987
300 _a351 p.
942 _cBK
999 _c100690
_d100690